000 00218nam a2200097Ia 4500
008 190216s9999||||xx |||||||||||||| ||und||
100 _aKhanna. Ml
245 0 _aDeterminals
260 _bJaiprakashnath&Co:
942 _cBK
999 _c32589
_d32589